| 000 | 00781nam a22002417a 4500 | ||
|---|---|---|---|
| 942 | _cBK | ||
| 999 |
_c756 _d756 |
||
| 003 | OSt | ||
| 005 | 20250420134823.0 | ||
| 008 | 211115b ||||| |||| 00| 0 eng d | ||
| 020 | _a9780136534457 | ||
| 040 | _cKCST | ||
| 082 |
_a428.24 _bAz Fu |
||
| 100 |
_a Azar, Betty Schrampfer _d1941- _95540 |
||
| 245 |
_aFundamentals of English grammar / _cBetty Schrampfer Azar; Stacy A Hagen |
||
| 250 | _a5 | ||
| 260 |
_aHoboken, NJ : _bPearson Education, _c[2020] ©2020 |
||
| 300 |
_a463 p. _ewith MyEnglishLab access code inside |
||
| 650 |
_aEnglish language _vTextbooks for foreign speakers. _94734 |
||
| 650 |
_aEnglish language _vGrammar _xProblems, exercises, etc. _95541 |
||
| 650 |
_aEnglish language. _92090 |
||
| 700 |
_aHagen, Stacy A. _95542 |
||
| 942 | _2ddc | ||